000 03782nam0a2200541 4500
001 RU\NLR\BIBL_A\012012065
005 20250809113155.0
020 _aRU
_9Ленинград в Великой Отечественной войне. Коллекция. Афиши
035 _a(NLR Aleph) 012012065
090 _a48841
_c48841
100 _a20190516d1945 u y0rusy50 ca
101 0 _arus
102 _aRU
105 _ay z 000zy
135 _acrcn 024anaba
200 1 _aКонцерт трио в составе: профессор М.Я. Хальфин (ф-но), профессор Ю.И. Эйдлин (скрипка), лауреат Всесоюзного конкурса Э.Г. Фишман (виолончель). Воскресенье 25 марта 1945 г.
_eпри участии: солиста Государственного Академичского театра Оперы и Балета им. Кирова В.И. Кильчевского. Партию ф-но исполняет В. Фруктов
_e[афиша]
_fКамерный зал Ленинградской Государственной Филармонии (в помещении театра п/р. Е.С. Деммени)
210 _a[Ленинград]
_cТЛ-4
_d1945
215 _a1 л.
_d49х69
300 _aНачало в 8 час. 30 м. вечера. Билеты продаются в кассах Филармонии, Камерного зала, в главн. театральной кассе и ее районных отделениях
300 _aЗак. 624
325 _aКопия доступна в Электрон. б-ке РНБ
327 _aПрограмма: Брамс-трио c-moll, Рахманинов-трио d-moll, Чайковский, Рахманинов - романсы
606 1 _aТеатральная жизнь
_yЛенинград, город
_z1941 - 1944
_jАфиши
_2nlr_sh2
_3RU\NLR\AUTH\6601649837
686 _aЩ333(2Р=Рус)7- 692Ленинград
702 1 _aХальфин
_bМ. Я.
_cпианист, педагог
_f1907-1990
_gМоисей Яковлевич
_3RU\NLR\AUTH\770203274
_4005
702 1 _aЭйдлин
_bЮ. И.
_cскрипач, педагог
_f1896-1958
_gЮлий Ильич
_3RU\NLR\AUTH\770203270
_4005
702 1 _aФишман
_bЭ. Г.
_cвиолончелист, педагог
_f1907-1988
_gЭммануил Григорьевич
_3RU\NLR\AUTH\770202237
_4005
702 1 _aКильчевский
_bВ. И.
_cпевец
_f1899-1986
_gВиталий Игнатьевич
_3RU\NLR\AUTH\770206320
_4005
702 1 _aФруктов
_bВ.
_cпианист
_3RU\NLR\AUTH\770206337
_4005
712 0 2 _aЛенинградская филармония им. Д. Д. Шостаковича
_bКамерный зал
_3RU\NLR\AUTH\880497262
_4570
852 _aNLR
_jЛ3-330а/4/3/1945-март(22)
856 0 _uhttp://vivaldi.nlr.ru/la700000750/view
856 1 _uhttp://vivaldi.nlr.ru/la700000750/cover
856 2 _uhttp://vivaldi.nlr.ru/la700000750/text
942 _cVISUAL
945 _aРоссийская национальная библиотека
980 _aNB
980 _aBV
980 3 _akplen
980 3 _akp
981 3 7 _a(37) Ленинград в Великой Отечественной войне
_b(37) Афиши блокадного Ленинграда